| 000 | 00363cam a22001097a 4500 | ||
|---|---|---|---|
| 008 | 180718b1987 xxu||||| |||| 00| 0 eng d | ||
| 082 | _aG2x5421 UT8c/1887-1920 | ||
| 100 | _aDixit, Jagdish Chandra | ||
| 245 |
_aU.P. Legislative Council, 1887-1909 _cby Jagdish Chandra Dixit |
||
| 260 |
_aLucknow _bInformation and Public Relations Department _c1987 |
||
| 300 | _a292+p. | ||
| 999 |
_c490791 _d490791 |
||